[Event "Ruhrgebiet VL1 0405"]
[Site "Ruhrgebiet"]
[Date "2005.02.20"]
[Round "7.6"]
[White "Belic, Zivko"]
[Black "Przybela, Josef Franz"]
[Result "1-0"]
[WhiteElo "1896"]
[BlackElo "1768"]
[PlyCount "71"]
[EventDate "2004.09.12"]
[EventType "team"]
[EventRounds "9"]
[EventCountry "GER"]
[SourceTitle "EXT 2006"]
[Source "ChessBase"]
[SourceDate "2005.11.24"]
[SourceVersion "1"]
[SourceVersionDate "2005.11.24"]
[SourceQuality "1"]
[WhiteTeam "Dortmund Kleiner Koenig"]
[BlackTeam "Hamm 45/58"]
[WhiteTeamCountry "GER"]
[BlackTeamCountry "GER"]

1. e4 e5 2. Nf3 Nc6 3. Bb5 a6 4. Ba4 Nf6 5. 0-0 b5 6. Bb3 Nxe4 7. d4 d5 8. dxe5 Be6 9. c3 Nc5 10. Bc2 Be7 11. Re1 Qd7 12. Bf4 Rd8 13. Nd4 Nxd4 14. cxd4 Nb7 15. a4 0-0 16. Qh5 h6 17. h3 f5 18. exf6 Rxf6 19. Be5 Bf7 20. Qe2 Rc6 21. axb5 axb5 22. Bd3 Rb6 23. Nc3 c6 24. Bxg7 Kxg7 25. Qxe7 Qxe7 26. Rxe7 Kf6 27. Rc7 Rb8 28. Ra7 Nd8 29. Rd7 R8b7 30. Raxb7 Nxb7 31. b4 Be8 32. Rh7 Kg5 33. g3 h5 34. f4+ Kf6 35. Nxd5+ cxd5 36. Rh6+ 1-0

[Event "Ruhrgebiet VL1 0405"]
[Site "Ruhrgebiet"]
[Date "2005.01.30"]
[Round "6.6"]
[White "Schoebel, Frank"]
[Black "Belic, Zivko"]
[Result "1/2-1/2"]
[WhiteElo "1914"]
[BlackElo "1896"]
[PlyCount "82"]
[EventDate "2004.09.12"]
[EventType "team"]
[EventRounds "9"]
[EventCountry "GER"]
[SourceTitle "EXT 2006"]
[Source "ChessBase"]
[SourceDate "2005.11.24"]
[SourceVersion "1"]
[SourceVersionDate "2005.11.24"]
[SourceQuality "1"]
[WhiteTeam "Laeufer Ost"]
[BlackTeam "Dortmund Kleiner Koenig"]
[WhiteTeamCountry "GER"]
[BlackTeamCountry "GER"]

1. e4 d6 2. d4 Nf6 3. f3 Nc6 4. Be3 a6 5. c4 e5 6. d5 Ne7 7. Nc3 Ng6 8. g4 Be7 9. Nge2 Nh4 10. Ng3 Nd7 11. Nf5 0-0 12. Nxe7+ Qxe7 13. Rg1 c5 14. dxc6 bxc6 15. Be2 Ng6 16. Qd2 Rd8 17. 0-0-0 Nf6 18. c5 Ne8 19. cxd6 Rxd6 20. Qc2 Rxd1+ 21. Rxd1 Be6 22. Qa4 Qb7 23. b3 Nc7 24. Qa5 Rb8 25. Rd2 f6 26. Na4 Nf8 27. Nc5 Qc8 28. Bxa6 Nxa6 29. Qxa6 Qc7 30. Rc2 Qc8 31. Qxc8 Rxc8 32. a4 Kf7 33. Kb2 Nd7 34. Nxe6 Kxe6 35. b4 Kd6 36. Kb3 Rb8 37. Bc5+ Kc7 38. Kc4 Nb6+ 39. Bxb6+ Kxb6 40. Rd2 Ra8 41. Rd7 Rxa4 1/2-1/2

[Event "Ruhrgebiet VK1 0304"]
[Site "Ruhrgebiet"]
[Date "2004.03.28"]
[Round "8.5"]
[White "Belic, Zivko"]
[Black "Kiryk, Ralf"]
[Result "0-1"]
[WhiteElo "1916"]
[BlackElo "1900"]
[PlyCount "34"]
[EventDate "2003.09.28"]
[EventType "team"]
[EventRounds "9"]
[EventCountry "GER"]
[SourceTitle "EXT 2007"]
[Source "ChessBase"]
[SourceDate "2006.11.23"]
[SourceVersion "1"]
[SourceVersionDate "2006.11.23"]
[SourceQuality "1"]
[WhiteTeam "Dortmund Kleiner Koenig"]
[BlackTeam "Horst II"]
[WhiteTeamCountry "GER"]
[BlackTeamCountry "GER"]

1. e4 c6 2. d4 d5 3. Nd2 dxe4 4. Nxe4 Nf6 5. Ng3 h5 6. Bc4 Bf5 7. c3 Bg6 8. Nf3 h4 9. Ne2 Nd5 10. Nf4 Nxf4 11. Bxf4 Nd7 12. Ng5 Nb6 13. Bb3 Nd5 14. Qd2 e6 15. 0-0-0 Be7 16. Bxd5 Qxd5 17. b3 Ba3+ 0-1

[Event "Ruhrgebiet VK1 0304"]
[Site "Ruhrgebiet"]
[Date "2004.02.29"]
[Round "7.4"]
[White "Belic, Zivko"]
[Black "Ball, Joerg"]
[Result "1/2-1/2"]
[WhiteElo "1916"]
[BlackElo "1903"]
[PlyCount "53"]
[EventDate "2003.09.28"]
[EventType "team"]
[EventRounds "9"]
[EventCountry "GER"]
[SourceTitle "EXT 2007"]
[Source "ChessBase"]
[SourceDate "2006.11.23"]
[SourceVersion "1"]
[SourceVersionDate "2006.11.23"]
[SourceQuality "1"]
[WhiteTeam "Dortmund Kleiner Koenig"]
[BlackTeam "Essen Listiger Bauer"]
[WhiteTeamCountry "GER"]
[BlackTeamCountry "GER"]

1. e4 c5 2. Nf3 Nc6 3. d3 g6 4. g3 Bg7 5. Bg2 e6 6. 0-0 Nge7 7. c3 0-0 8. a4 d5 9. Nbd2 d4 10. cxd4 Nxd4 11. Nxd4 Bxd4 12. Nb3 Nc6 13. Nxd4 Nxd4 14. Bh6 Re8 15. Ra3 e5 16. Qd2 Bh3 17. f4 Bxg2 18. Kxg2 exf4 19. Qxf4 Qe7 20. Rf2 Rad8 21. Rc3 Rd7 22. h4 b6 23. Kh2 Qd6 24. Qg4 Qe6 25. Qf4 Qd6 26. Qg4 Qe6 27. Qf4 1/2-1/2

[Event "Dortmund9"]
[Site "Dortmund"]
[Date "2003.11.21"]
[Round "10"]
[White "Wagner, Markus"]
[Black "Belic, Zivko"]
[Result "1-0"]
[WhiteElo "1824"]
[BlackElo "1968"]
[PlyCount "140"]
[EventDate "2003.10.08"]
[EventType "tourn"]
[EventRounds "11"]
[EventCountry "GER"]
[SourceTitle "EXT 2007"]
[Source "ChessBase"]
[SourceDate "2006.11.23"]
[SourceVersion "1"]
[SourceVersionDate "2006.11.23"]
[SourceQuality "1"]

1. d4 Nf6 2. c4 d6 3. Nc3 g6 4. e4 Bg7 5. Be2 0-0 6. Bg5 c6 7. Nf3 Qa5 8. 0-0 e5 9. d5 cxd5 10. cxd5 a6 11. Nd2 b5 12. Nb3 Qd8 13. Rc1 h6 14. Be3 Nbd7 15. f3 Nb6 16. a3 Bd7 17. g4 Rc8 18. Nd2 Nh7 19. Qe1 g5 20. Qf2 Na8 21. Rfd1 Re8 22. Nf1 Nf8 23. Ng3 Ng6 24. Bf1 Nf4 25. Na2 a5 26. Qd2 a4 27. Nc3 Rb8 28. Na2 Rc8 29. Nb4 Qa5 30. Nc6 Qxd2 31. Rxd2 Bxc6 32. dxc6 Nc7 33. Rxd6 Bf8 34. Nf5 Nfe6 35. Rd7 b4 36. Nd6 bxa3 37. Nxe8 axb2 38. Nf6+ Kg7 39. Nh5+ Kg6 40. Rb1 a3 41. Bc4 Nb5 42. Bd2 Nbd4 43. c7 Nxf3+ 44. Kg2 Nxd2 45. Rxd2 Rxc7 46. Ba2 Nd4 47. Rf2 Ne6 48. Rf6+ Kh7 49. Rbf1 Nf4+ 50. Nxf4 gxf4 51. Rxf7+ Rxf7 52. Bxf7 Bc5 53. Ba2 Kg7 54. Rd1 Kf6 55. h4 Bd4 56. Rd3 Bc5 57. Rc3 Bd6 58. Rc6 Ke7 59. g5 hxg5 60. hxg5 Bb4 61. g6 Kd7 62. Ra6 Bf8 63. Rxa3 Ke7 64. Ra7+ Kf6 65. Rb7 Kxg6 66. Rxb2 Kg5 67. Rb8 Bc5 68. Kf3 Bd4 69. Rg8+ Kf6 70. Rh8 Ke7 1-0

[Event "Dortmund9"]
[Site "Dortmund"]
[Date "2003.11.07"]
[Round "7"]
[White "Belic, Zivko"]
[Black "Gohla, Ulf"]
[Result "1/2-1/2"]
[WhiteElo "1968"]
[BlackElo "2006"]
[PlyCount "69"]
[EventDate "2003.10.08"]
[EventType "tourn"]
[EventRounds "11"]
[EventCountry "GER"]
[SourceTitle "EXT 2007"]
[Source "ChessBase"]
[SourceDate "2006.11.23"]
[SourceVersion "1"]
[SourceVersionDate "2006.11.23"]
[SourceQuality "1"]

1. e4 c6 2. d4 d5 3. Nc3 dxe4 4. Nxe4 Bf5 5. Ng3 Bg6 6. h4 h6 7. h5 Bh7 8. Nf3 Nd7 9. Bd3 Bxd3 10. Qxd3 e6 11. Bd2 Ngf6 12. 0-0-0 Qc7 13. Qe2 0-0-0 14. Ne5 Nxe5 15. dxe5 Nd7 16. f4 Be7 17. Ne4 Nc5 18. Rh3 Rd4 19. Nxc5 Bxc5 20. Rd3 Rhd8 21. Rxd4 Rxd4 22. c4 Qb6 23. Kb1 Qd8 24. Kc2 a5 25. b3 Qb6 26. g3 a4 27. Bc3 axb3+ 28. axb3 Rxd1 29. Qxd1 Qa7 30. Qa1 Qxa1 31. Bxa1 g6 32. Kd3 gxh5 33. Bd4 Bb4 34. Bf2 Kd7 35. Ke4 1/2-1/2

[Event "Ruhrgebiet VK1 0304"]
[Site "Ruhrgebiet"]
[Date "2003.10.19"]
[Round "2.4"]
[White "Medger, Gernot"]
[Black "Belic, Zivko"]
[Result "0-1"]
[WhiteElo "1814"]
[BlackElo "1916"]
[PlyCount "106"]
[EventDate "2003.09.28"]
[EventType "team"]
[EventRounds "9"]
[EventCountry "GER"]
[SourceTitle "EXT 2007"]
[Source "ChessBase"]
[SourceDate "2006.11.23"]
[SourceVersion "1"]
[SourceVersionDate "2006.11.23"]
[SourceQuality "1"]
[WhiteTeam "Boenen SV"]
[BlackTeam "Dortmund Kleiner Koenig"]
[WhiteTeamCountry "GER"]
[BlackTeamCountry "GER"]

1. c4 Nf6 2. Nc3 d6 3. d4 g6 4. Nf3 Bg7 5. e4 0-0 6. Be2 e5 7. dxe5 dxe5 8. Qxd8 Rxd8 9. Bg5 Re8 10. 0-0-0 c6 11. Nxe5 Nxe4 12. Nxe4 Bxe5 13. Bf3 Be6 14. Rhe1 Na6 15. Nf6+ Bxf6 16. Bxf6 Bxc4 17. Rxe8+ Rxe8 18. b3 Be6 19. Kb2 Nc7 20. Bd4 a6 21. Be3 Bd5 22. Be2 f5 23. g3 Kf7 24. h4 Re7 25. Rd2 b5 26. h5 Ne6 27. hxg6+ hxg6 28. Bd3 Kf6 29. Re2 Bf3 30. Rc2 g5 31. Be2 Be4 32. Rd2 Ke5 33. Bb6 Rh7 34. f3 Bd5 35. Ba5 Rh2 36. Bc3+ Kd6 37. Bd1 Rxd2+ 38. Bxd2 f4 39. gxf4 Nxf4 40. Bc3 Ke6 41. Bd4 c5 42. Be3 Ke5 43. Kc3 Ne6 44. Be2 Nd4 45. Kd2 Ne6 46. a4 Bc6 47. Kc3 b4+ 48. Kd2 a5 49. Bc4 Nd4 50. Kd3 Bxf3 51. Bxg5 Be2+ 52. Ke3 Bxc4 53. bxc4 b3 0-1

[Event "Dortmund4"]
[Site "Dortmund"]
[Date "2002.05.03"]
[Round "5"]
[White "Belic, Zivko"]
[Black "Ritter, Uwe"]
[Result "1-0"]
[WhiteElo "1909"]
[BlackElo "2000"]
[PlyCount "87"]
[EventDate "2002.04.12"]
[EventType "tourn"]
[EventRounds "11"]
[EventCountry "GER"]
[SourceTitle "EXT 2007"]
[Source "ChessBase"]
[SourceDate "2006.11.23"]
[SourceVersion "1"]
[SourceVersionDate "2006.11.23"]
[SourceQuality "1"]

1. e4 c5 2. Nc3 e6 3. f4 d5 4. d3 dxe4 5. Nxe4 Nf6 6. Qe2 Nc6 7. Nf3 Be7 8. g3 0-0 9. Bg2 Nd4 10. Nxd4 Qxd4 11. c3 Qd8 12. Be3 Qc7 13. d4 Nxe4 14. Bxe4 c4 15. 0-0 g6 16. g4 Re8 17. f5 exf5 18. gxf5 Bd6 19. fxg6 hxg6 20. Bd5 Be6 21. Bxe6 Rxe6 22. Rf3 Rae8 23. Raf1 Qe7 24. Re1 Qh4 25. Qf2 Bxh2+ 26. Kg2 Qxf2+ 27. Kxf2 g5 28. d5 Re4 29. Rh3 Bf4 30. Bd4 f5 31. Rh8+ Kf7 32. Rh7+ Kf8 33. Rxe4 fxe4 34. Rxb7 Rd8 35. Rxa7 Rxd5 36. b3 g4 37. bxc4 g3+ 38. Kg2 Rh5 39. c5 Rh2+ 40. Kg1 Rc2 41. c6 g2 42. c7 Bxc7 43. Rxc7 Rxa2 44. Rg7 1-0

[Event "Dortmund4"]
[Site "Dortmund"]
[Date "2001.06.08"]
[Round "9"]
[White "Belic, Zivko"]
[Black "Yanik, Mehmet"]
[Result "0-1"]
[WhiteElo "1924"]
[BlackElo "1983"]
[PlyCount "102"]
[EventDate "2001.04.27"]
[EventType "tourn"]
[EventRounds "11"]
[EventCountry "GER"]
[SourceTitle "EXT 2007"]
[Source "ChessBase"]
[SourceDate "2006.11.23"]
[SourceVersion "1"]
[SourceVersionDate "2006.11.23"]
[SourceQuality "1"]

1. e4 c5 2. Nc3 Nc6 3. g3 g6 4. Bg2 Bg7 5. d3 d6 6. f4 e6 7. Nf3 Rb8 8. a4 Nge7 9. 0-0 a6 10. Ne2 0-0 11. c3 f5 12. Be3 b6 13. h3 Kh8 14. g4 e5 15. exf5 gxf5 16. g5 e4 17. dxe4 fxe4 18. Nh4 d5 19. Ng3 Ng6 20. Qh5 Nxh4 21. Qxh4 Ne7 22. a5 Nf5 23. Nxf5 Bxf5 24. Rfd1 d4 25. Qe1 bxa5 26. cxd4 cxd4 27. Rxa5 Qb6 28. Bf2 e3 29. Bg3 d3 30. Rxf5 Rxf5 31. Rxd3 e2+ 32. Kh2 Qxb2 33. Re3 Bd4 34. Rxe2 Qc3 35. Qxc3 Bxc3 36. Be4 Rc5 37. Bf2 Rcb5 38. Kg3 Rb2 39. Rxb2 Rxb2 40. f5 Be5+ 41. Kf3 a5 42. f6 a4 43. Bc5 a3 44. Bf8 Kg8 45. Bg7 Rb3+ 46. Ke2 Rb5 47. Bd3 Rb2+ 48. Kd1 Kf7 49. Bxh7 a2 50. g6+ Ke6 51. Bg8+ Kf5 0-1

[Event "Dortmund4"]
[Site "Dortmund"]
[Date "2001.06.01"]
[Round "8"]
[White "Grube, Joerg"]
[Black "Belic, Zivko"]
[Result "0-1"]
[WhiteElo "1788"]
[BlackElo "1924"]
[PlyCount "144"]
[EventDate "2001.04.27"]
[EventType "tourn"]
[EventRounds "11"]
[EventCountry "GER"]
[SourceTitle "EXT 2007"]
[Source "ChessBase"]
[SourceDate "2006.11.23"]
[SourceVersion "1"]
[SourceVersionDate "2006.11.23"]
[SourceQuality "1"]

1. e4 Nc6 2. Nf3 d6 3. d4 Bg4 4. d5 Nb8 5. Nc3 Nf6 6. Bb5+ c6 7. dxc6 bxc6 8. Ba4 Qa5 9. Qd3 e5 10. 0-0 Be7 11. Rd1 0-0 12. Bg5 Rd8 13. Bb3 Na6 14. Qc4 d5 15. exd5 Nb4 16. Nxe5 Bxd1 17. d6 Qxe5 18. Qxf7+ Kh8 19. Qxe7 Qxd6 20. Qxd6 Rxd6 21. Nxd1 Nbd5 22. f3 h6 23. Bh4 g5 24. Bf2 Nd7 25. Bd4+ Kh7 26. Nf2 Nf4 27. Be3 Nf6 28. c3 a5 29. Bc2+ Kg7 30. g3 N4d5 31. Bd4 Kf7 32. Nd3 Re8 33. Kf2 Rde6 34. Re1 Nd7 35. Rxe6 Kxe6 36. Nc5+ Nxc5 37. Bxc5 Rb8 38. Ba3 c5 39. Be4 c4 40. Ke2 Ke5 41. Bg6 Nb4 42. Bf7 Nc2 43. Bc5 Rxb2 44. Kd1 Rb5 45. Bf8 Ne3+ 46. Ke2 Nf5 47. Bxc4 Rb2+ 48. Kd3 Rxh2 49. g4 Nd6 50. Bg7+ Kf4 51. Bd5 Ne8 52. Bd4 Rh1 53. Bb6 Rd1+ 54. Kc4 Rxd5 55. Kxd5 Kxf3 56. c4 Kxg4 57. c5 Kf5 58. c6 h5 59. c7 Nxc7+ 60. Bxc7 a4 61. Kd4 Kg4 62. Ke3 Kh3 63. Kf2 g4 64. Kg1 h4 65. Bf4 g3 66. Bd6 Kg4 67. Bb8 h3 68. Bd6 Kf3 69. Kh1 Kf2 70. Bxg3+ Kxg3 71. a3 Kf3 72. Kh2 Ke3 0-1

[Event "Dortmund4"]
[Site "Dortmund"]
[Date "2001.05.12"]
[Round "4"]
[White "Hartung, Thomas"]
[Black "Belic, Zivko"]
[Result "1-0"]
[WhiteElo "1931"]
[BlackElo "1924"]
[PlyCount "39"]
[EventDate "2001.04.27"]
[EventType "tourn"]
[EventRounds "11"]
[EventCountry "GER"]
[SourceTitle "EXT 2007"]
[Source "ChessBase"]
[SourceDate "2006.11.23"]
[SourceVersion "1"]
[SourceVersionDate "2006.11.23"]
[SourceQuality "1"]

1. e4 Nc6 2. d4 d6 3. Nc3 e5 4. d5 Nce7 5. f4 exf4 6. Bxf4 Ng6 7. Bg3 a6 8. Nf3 f5 9. Qd2 Nf6 10. 0-0-0 Be7 11. Bd3 fxe4 12. Nxe4 Nxd5 13. Nxd6+ Bxd6 14. Bxg6+ hxg6 15. Qxd5 Rh5 16. Qg8+ Kd7 17. Qxg7+ Kc6 18. Qxg6 Rc5 19. Bf2 Ra5 20. Nd4+ 1-0

[Event "Bad Woerishofen op 17th"]
[Site "Bad Woerishofen"]
[Date "2001.??.??"]
[Round "8"]
[White "Ballon, Guenther Jan"]
[Black "Belic, Zivko"]
[Result "1-0"]
[WhiteElo "2233"]
[BlackElo "1932"]
[PlyCount "93"]
[EventDate "2001.03.15"]
[EventType "swiss"]
[EventRounds "9"]
[EventCountry "GER"]
[SourceTitle "CBM 081 Extra"]
[Source "ChessBase"]
[SourceDate "2001.05.06"]
[SourceVersion "1"]
[SourceVersionDate "2001.05.06"]
[SourceQuality "1"]

1. d4 Nf6 2. c4 d6 3. Nc3 g6 4. e4 Bg7 5. f3 0-0 6. Bg5 c6 7. Qd2 a6 8. b4 Nbd7 9. Nh3 Re8 10. Rb1 Nf8 11. Nf2 Ne6 12. Be3 Nc7 13. Be2 Nd7 14. 0-0 e5 15. d5 c5 16. Nd3 b6 17. Rb2 f5 18. Rfb1 f4 19. Bf2 Bf6 20. bxc5 bxc5 21. Qe1 Kh8 22. Na4 Rg8 23. Nb6 Nxb6 24. Rxb6 Ne8 25. Bd1 g5 26. h3 h5 27. Kf1 Ra7 28. Rb8 Rag7 29. Qc3 g4 30. fxg4 Qc7 31. Ne1 hxg4 32. hxg4 Rh7 33. Bf3 Bh4 34. Qb2 Nf6 35. Qb6 Qe7 36. Bxh4 Rxh4 37. Qc6 Rh1+ 38. Ke2 Qd8 39. R8b6 Nxg4 40. Qxd6 Qh4 41. Nd3 Rxb1 42. Rxb1 Nf6 43. Qxe5 Bg4 44. Nxf4 Kh7 45. Rb7+ Kh6 46. Rb6 Kg7 47. Qe7+ 1-0

[Event "Bad Woerishofen op 17th"]
[Site "Bad Woerishofen"]
[Date "2001.??.??"]
[Round "5"]
[White "Belic, Zivko"]
[Black "Maugg, Ludwig"]
[Result "1/2-1/2"]
[WhiteElo "1932"]
[BlackElo "2160"]
[PlyCount "100"]
[EventDate "2001.03.15"]
[EventType "swiss"]
[EventRounds "9"]
[EventCountry "GER"]
[SourceTitle "CBM 081 Extra"]
[Source "ChessBase"]
[SourceDate "2001.05.06"]
[SourceVersion "1"]
[SourceVersionDate "2001.05.06"]
[SourceQuality "1"]

1. e4 c5 2. Nf3 Nc6 3. d3 g6 4. g3 Bg7 5. Bg2 e5 6. 0-0 Nge7 7. a4 0-0 8. c3 d6 9. Nbd2 h6 10. Nc4 Be6 11. Be3 f5 12. Qe2 f4 13. Bc1 g5 14. gxf4 exf4 15. h3 Qd7 16. Kh2 Rad8 17. Rg1 Ng6 18. Bf1 d5 19. Ncd2 d4 20. cxd4 cxd4 21. b3 g4 22. hxg4 Bxg4 23. Ba3 Rfe8 24. Bh3 Bxh3 25. Rxg6 Bg4 26. Nc4 h5 27. Rh1 Re6 28. Rxe6 Qxe6 29. Kg2 Ne5 30. Ncxe5 Bxe5 31. Qd1 Rc8 32. Bb2 Rc2 33. Nxd4 Rxf2+ 34. Kxf2 Bxd4+ 35. Bxd4 Bxd1 36. Rxd1 Qxb3 37. Rd2 Qxa4 38. Be5 Qa5 39. Bxf4 b5 40. d4 b4 41. d5 Qb5 42. d6 Qd7 43. e5 Kf7 44. Rc2 Qg4 45. Rc7+ Ke6 46. Re7+ Kd5 47. Be3 Qh4+ 48. Ke2 Qg4+ 49. Kd2 Qg2+ 50. Kd3 Qe4+ 1/2-1/2

[Event "Bad Woerishofen op 17th"]
[Site "Bad Woerishofen"]
[Date "2001.??.??"]
[Round "3"]
[White "Belic, Zivko"]
[Black "Wawrinsky, Ludwig"]
[Result "1-0"]
[WhiteElo "1932"]
[BlackElo "1755"]
[PlyCount "129"]
[EventDate "2001.03.15"]
[EventType "swiss"]
[EventRounds "9"]
[EventCountry "GER"]
[SourceTitle "CBM 081 Extra"]
[Source "ChessBase"]
[SourceDate "2001.05.06"]
[SourceVersion "1"]
[SourceVersionDate "2001.05.06"]
[SourceQuality "1"]

1. e4 e6 2. d3 c5 3. Nf3 Nc6 4. g3 b6 5. Bg2 Bb7 6. 0-0 Be7 7. Re1 d6 8. a4 Nf6 9. Nbd2 0-0 10. Nf1 Qc7 11. c3 Rad8 12. Qe2 Ne5 13. Ne3 d5 14. Nxe5 Qxe5 15. exd5 Ba6 16. a5 Qc7 17. axb6 Qxb6 18. Nc4 Bxc4 19. dxc4 exd5 20. cxd5 Rfe8 21. c4 Bd6 22. Be3 Be5 23. Qc2 Ng4 24. Rab1 Nxe3 25. Rxe3 Bd4 26. Re4 Qf6 27. b4 Rxe4 28. Bxe4 g6 29. bxc5 Bxc5 30. Kg2 Qd6 31. Bf3 Bb6 32. Qe4 Qc5 33. Rb2 Qd4 34. Qxd4 Bxd4 35. Rb7 Rd6 36. Rb4 a6 37. Ra4 Bc3 38. Ra3 Bd4 39. Be2 Kf8 40. f4 Ke7 41. Kf3 f5 42. Ra5 Kd8 43. Bd1 Kc7 44. Ke2 Kb6 45. Ra2 Kc5 46. Kd3 Bf6 47. Re2 a5 48. Ba4 Kb4 49. Bc6 a4 50. Rc2 a3 51. c5 Rd8 52. Rc4+ Kb3 53. Ba4+ Ka2 54. d6 Bb2 55. Bc2 Bf6 56. Rb4 Bb2 57. Rb7 h6 58. d7 g5 59. Kc4 Bc1 60. fxg5 f4 61. gxf4 Bxf4 62. gxh6 Bxh6 63. c6 Bf4 64. h3 Be5 65. Kd5 1-0

[Event "Ruhrgebiet VL1 0001"]
[Site "Ruhrgebiet"]
[Date "2000.11.12"]
[Round "3"]
[White "Belic, Zivko"]
[Black "Schneider, Markus"]
[Result "1-0"]
[WhiteElo "1906"]
[BlackElo "1948"]
[PlyCount "37"]
[EventDate "2000.09.17"]
[EventType "team-tourn"]
[EventRounds "9"]
[EventCountry "GER"]
[SourceTitle "EXT 2023"]
[Source "ChessBase"]
[SourceDate "2022.10.05"]
[SourceVersion "1"]
[SourceVersionDate "2022.10.05"]
[SourceQuality "1"]
[WhiteTeam "Dortmund Kleiner Koenig"]
[BlackTeam "Brackel II"]
[WhiteTeamCountry "GER"]
[BlackTeamCountry "GER"]

1. e4 c5 2. Nf3 d6 3. d4 cxd4 4. Nxd4 Nf6 5. Nc3 g6 6. Be3 Bg7 7. f3 0-0 8. g4 Nc6 9. Qd2 Be6 10. h4 d5 11. h5 Nxd4 12. Bxd4 dxe4 13. hxg6 hxg6 14. 0-0-0 Qa5 15. Qh2 Rfd8 16. Nxe4 Qxa2 17. Nxf6+ exf6 18. Qh7+ Kf8 19. Bc5+ 1-0